000 00819nam a2200217Ia 4500
003 GCL
005 20240530104016.0
008 140319s9999 xx 000 0 ara d
040 _aGCL /
_cGCL
082 0 4 _a726.1
_bن هـ
100 1 _aنجوى عثمان
245 1 0 _aالهندسة الانشائية فى مساجد حلب :
_bرسالة قدمت لنيل درجة الماجستير فى تاريخ العلوم التطبيقية /
_cنجوى عثمان
260 _a[S.N] :
_bمعهد التراث العلمى العربى ،
_c1992
300 _a680 ص ؛
_c24سم
490 _aسلسلة تاريخ التكنولوجيا
_v0
650 0 4 _aسوريا
650 0 4 _aالعمارة الاسلامية
650 0 4 _aالمساجد
650 0 4 _aالهندسة الانشائية
942 _2ddc
_cBK
999 _c44080
_d44080